banner koha

Agricultura brasileira: Comportamento passado, situacao atual e pespectivas de crescimento (Registro n. 17269)

MARC details
000 -LÍDER
campo de controle de tamanho fixo 00960nam a22003257a 4500
001 - NÚMERO DE CONTROLE
campo de controle BR7310216
003 - IDENTIFICADOR DO NÚMERO DE CONTROLE
campo de controle BR-BrBNA
005 - DATA E HORÁRIO DA ÚLTIMA TRANSAÇÃO
campo de controle 20230928084153.0
007 - CAMPO FIXO DE DESCRIÇÃO FÍSICA--INFORMAÇÃO GERAL
campo de controle de tamanho fixo ta
008 - CAMPO DE DADOS FIXOS--INFORMAÇÃO GERAL
campo de controle de tamanho fixo 230509b bl.||||| |||| 00| 0 por d
040 ## - FONTE DA CATALOGAÇÃO
Instituição da catalogação original BR-BrBNA
Idioma da catalogação por
Instituição que transcreveu o registro Biblioteca Nacional de Agricultura
041 ## - CÓDIGO DE IDIOMA
Código do idioma do texto/trilha sonora ou título diferente (Por)
072 ## - CÓDIGO DE CATEGORIA DE ASSUNTO
Código de Categoria de Assunto A00
Código do objeto /G514
090 ## - NÚMERO DE CHAMADA LOCAL
-- A00 BR7310216
100 1# - ENTRADA PRINCIPAL--NOME PESSOAL
Nome pessoal Alencar, G. de
100 1# - ENTRADA PRINCIPAL--NOME PESSOAL
Nome pessoal Ledo, B.
100 1# - ENTRADA PRINCIPAL--NOME PESSOAL
Nome pessoal Teixeira Filho, A.R.
100 1# - ENTRADA PRINCIPAL--NOME PESSOAL
Nome pessoal Borges, G.
100 1# - ENTRADA PRINCIPAL--NOME PESSOAL
Nome pessoal Davison, P.
110 1# - ENTRADA PRINCIPAL--NOME CORPORATIVO
Nome corporativo ou nome da jurisdição Instituto de Planejamento Economico e Social, Brasilia, DF (Brasil)
9 (RLIN) 6238
245 1# - TÍTULO
Título Agricultura brasileira: Comportamento passado, situacao atual e pespectivas de crescimento
260 3# - PUBLICAÇÃO, DISTRIBUIÇÃO, ETC.
Local de publicação, distribuição, etc. Brasilia, DF (Brasil):
Data da publicação, distribuição, etc. 1973.
300 ## - DESCRIÇÃO FÍSICA
Extensão 251 p.
500 ## - NOTA GERAL
Nota geral 96 tables; Summary (Por); 47 ref.
650 ## - ASSUNTO--TERMO TÓPICO
Cabeçalho tópico ou nome geográfico Agricultura
650 ## - ASSUNTO--TERMO TÓPICO
Cabeçalho tópico ou nome geográfico Desenvolvimento agricola
650 ## - ASSUNTO--TERMO TÓPICO
Cabeçalho tópico ou nome geográfico Pecuaria
909 ## -
-- 202309
-- Lucia
-- 55
-- Lucia Elande
942 ## - ELEMENTOS DE ENTRADA ADICIONADOS (KOHA)
Tipo de material Koha Livros
Exemplares
Situação do descarte Fonte da classificação ou esquema de arquivamento na estante Situação física Não pode ser emprestado Coleção Biblioteca de origem Biblioteca atual Total de empréstimos Número de telefone completo Código de barras Data de último acesso Número do exemplar Tipo de material Koha Situação das perdas Data de aquisição Fonte de aquisição
  Classificação AGRIS       Biblioteca Nacional de Agricultura - Binagri Biblioteca Nacional de Agricultura - Binagri   A00 BR7310216 A00 BR7310216 25/09/2023 01 Livros   2023-09-25 Portaria Interministerial nº 164/94

BINAGRI

Telefone: (61)3218-2567/2388/3357/2097 - binagri@agro.gov.br

Ministério da Agricultura e Pecuária , Esplanada dos Ministérios, Bloco D, Anexo B, Brasília/DF, CEP: 70.043-900